000 00397nam a2200145Ia 4500
008 230917s9999||||xx |||||||||||||| ||und||
040 _e58283
_aMAIN
041 _aEnglish
082 _a823.09 I9P
100 _aIrwin, Michael
245 0 _aPicturing: description and illusion in the 19th century novel
260 _aLondon
_bGeorge Allen and Unwin
_c1979
300 _aix, 161 p.
942 _cBK
999 _c205410
_d205410